Diario de Salavin
Zapisane w:
| 1. autor: | |
|---|---|
| Format: | Książka |
| Język: | hiszpański |
| Wydane: |
Barcelona
José Janés
1950
|
| Wydanie: | 1a. ed |
| Seria: | Manantial Que No Cesa
|
| Hasła przedmiotowe: | |
| Etykiety: |
Dodaj etykietę
Nie ma etykietki, Dołącz pierwszą etykiete!
|
MARC
| LEADER | 00000cam a2200000 a 4500 | ||
|---|---|---|---|
| 001 | UCE4245 | ||
| 003 | CL-VaPUC | ||
| 008 | 141016e19500900sp |||||||||||||||||spa|d | ||
| 082 | 0 | 4 | |a 843 |b DUH |2 21 |
| 100 | 0 | |a Duhamel, Georges |e author |9 576815 | |
| 245 | 1 | 0 | |a Diario de Salavin |
| 250 | |a 1a. ed | ||
| 300 | |a 177 p | ||
| 942 | |c BK | ||
| 945 | |d 20141016 12:02:00 |a arojas | ||
| 260 | |a Barcelona |b José Janés |c 1950 | ||
| 650 | 0 | |a Novela francesa |9 264985 | |
| 650 | 0 | |a Literatura francesa |9 266330 | |
| 583 | |a last modification |c 20141016 12:02:00 |k Rodrigo Vera | ||
| 490 | 0 | |a Manantial Que No Cesa | |
| 999 | |c 357270 |d 357268 | ||
| 952 | |0 0 |1 0 |3 erb |4 0 |6 843_000000000000000_DUH_1950 |7 0 |8 A |9 465139 |a BIBEDU |b BIBEDU |i 5041996 |o 843 DUH 1950 |p 5041996 |r 2019-11-23 |w 2019-11-23 |y BK |z Catalogado en:20141016 |k LIT | ||